Nguyễn Đình Thi toàn tập Trọn bộ bốn tập

Đã lưu trong:
Bibliografiske detaljer
Hovedforfatter: Nguyễn ĐìnhThi
Format: Bog
Tags: Tilføj Tag
Ingen Tags, Vær først til at tagge denne postø!
Thư viện lưu trữ: Mạng thư viện Đại học Đà Nẵng
LEADER 00963nam a2200241 4500
001 000005758
003 1906
005 20150812140824.0
008 110822s sd
100 0 |a Nguyễn ĐìnhThi 
245 0 0 |a Nguyễn Đình Thi toàn tập  |b Trọn bộ bốn tập  |c Nguyễn ĐìnhThi 
774 |a Nguyễn Đình Thi  |d Văn Học  |d H.  |d 2009  |g Tập 1  |h 842 tr  |t Truyện ngắn, kịch  |w 1908 
774 |a Nguyễn Đình Thi  |d Văn Học  |d H.  |d 2009  |g Tập 2  |h 881 tr  |t Tiểu thuyết, thơ  |w 1909 
774 |a Nguyễn Đình Thi  |d Văn Học  |d H.  |d 2009  |g Tập 3  |h 906 tr  |t Tiểu thuyết, bút ký  |w 1911 
774 |a Nguyễn Đình Thi  |d Văn Học  |d H.  |d 2009  |g Tập 4  |h 988 tr  |t Phê bình, tiểu luận, tiểu thuyết  |w 1912 
OWN |a LSP 
999 |a From the UDN01 
TYP |a Monograph 
TYP |a Printed language 
980 |a Mạng thư viện Đại học Đà Nẵng